Normal view MARC view
  • Pummett, Belty Jane

Entry Personal Name

Number of records used in: 1

001 - CONTROL NUMBER

  • control field: 4653

003 - CONTROL NUMBER IDENTIFIER

  • control field: OSt

005 - DATE AND TIME OF LATEST TRANSACTION

  • control field: 20180727161338.0

008 - FIXED-LENGTH DATA ELEMENTS

  • fixed length control field: 180727|| aca||aabn | a|a d

040 ## - CATALOGING SOURCE

  • Original cataloging agency: OSt
  • Transcribing agency: OSt

100 ## - HEADING--PERSONAL NAME

  • Personal name: Pummett, Belty Jane

670 ## - SOURCE DATA FOUND

  • Source citation: Work cat.: (OSt)905: Pummett, Belty Jane, International Perspectives on Organizational Behaviour and Human resource Management, 2004